| 000 | 01035nam0a22002771 4500 | ||
|---|---|---|---|
| 001 | v19\rc\1642992 | ||
| 005 | 20260406061225.0 | ||
| 035 | _a(NLR Aleph) 004755881 | ||
| 090 |
_a4559345 _c4559345 |
||
| 100 | _a20061002d1895 |||y0rusy50 ca | ||
| 101 | 0 | _arus | |
| 102 | _aRU | ||
| 105 | _aac z ||||| | ||
| 200 | 1 | _aЖитие святителя Петра, митрополита и чудотворца России | |
| 210 |
_aМосква _cПечатня А.И. Снегиревой _d1895 |
||
| 215 |
_a31 с. _cил., портр. _d16 |
||
| 300 | _aПредполагаемый авт.: Розанова Мария Ивановна | ||
| 702 | 1 |
_aРозанова _bМ. И. _gМария Ивановна _4330 |
|
| 702 | 0 |
_4570 _8rus _7ca _aПетр _cмитрополит Московский и всея Руси _f-1326 _3RU\NLR\AUTH\7711454 _9121200 |
|
| 801 | 0 |
_aRU _bNLR _gpsbo |
|
| 801 | 0 |
_aRU _bRuMoRGB _2psbo |
|
| 801 | 1 |
_aRU _bProSoft-M _2rusmarc |
|
| 852 |
_aNLR _j34.82.5.730 |
||
| 942 | _cBOOK | ||
| 980 | _aNB | ||